Matematičeskaja statistika

Na minha lista:
Detalhes bibliográficos
Formato: Livro
Idioma:russo
Publicado em: Moskva Finansy i statistika 1983
Tags: Adicionar Tag
Sem tags, seja o primeiro a adicionar uma tag!

MARC

LEADER 00000nam a2200000 4500
001 c116734
005 20260119110514.1
041 0 |a rus 
044 |a RU 
245 1 0 |a Matematičeskaja statistika  |c Peter Bickel, Kjell A. Doksum ; [Perevod s anglijskogo Ju.A. Danilova] 
264 1 |a Moskva  |b Finansy i statistika  |c 1983 
300 |a 252 s.